000 00605nam a22002417a 4500
001 100072
003 UA-OsUOA
005 20220519123744.0
007 ta
008 20130521b un ||||| |||| 00| 0 ukr d
040 _aUA-OsUOA
_brus
_cUA-OsUOA
_dUA-OsUOA
041 _arus
080 _a821.133.1
090 _a821.133.1
_bП16
100 _aПанаев И.
245 _aЛитературные воспоминания
260 _aМ.
_bПравда
_c1988
300 _a448 с.
650 7 _2UDC
942 _cBK
_2udc
955 _a3
999 _c386321
_d386321